000 00561nam a22001937a 4500
999 _c5275
_d5275
003 GBCCL
005 20241126110537.0
008 180312b ||||| |||| 00| 0 eng d
020 _a0802426492
040 _cgbc
082 _a225.07
_bTEA
100 _aBrooks, Keith L.
_99294
245 _aFirst Corinthians:
_bOrder in the Church /
_cKeith L. Brooks
260 _bMoody Press,
_aChicago,
_c1964
300 _a64 p.;
_c22 cm.
440 _aTeach Yourself the Bible
_99498
650 _aBible
_vN. T.
_v1 Corinthians
_xStudy & Teaching
_99520
942 _2ddc
_cBK
_01